[Event "Fagernes op"]
[Site "Fagernes"]
[Date "2024.03.31"]
[Round "9"]
[White "Yaniv, Yuval"]
[Black "Gandrud, Vegar Koi"]
[Result "1/2-1/2"]
[WhiteElo "2368"]
[BlackElo "2293"]
[PlyCount "91"]
[EventDate "2024.03.24"]
[EventType "swiss"]
[EventRounds "9"]
[EventCountry "NOR"]
[SourceTitle "CB14_2024"]
[SourceDate "2024.04.01"]
[SourceVersion "1"]
[SourceVersionDate "2024.04.01"]
[SourceQuality "1"]

1. e4 c5 2. Nf3 d6 3. d4 cxd4 4. Nxd4 Nf6 5. Nc3 a6 6. h3 e5 7. Nf3 h6 8. Bc4 Be7 9. Be3 Qc7 10. Bb3 Nbd7 11. Nh4 Nc5 12. Bxc5 dxc5 13. Qe2 b5 14. Nd5 Nxd5 15. Bxd5 Rb8 16. Nf5 Bxf5 17. exf5 c4 18. 0-0-0 c3 19. h4 cxb2+ 20. Kb1 0-0 21. g4 Rb6 22. g5 hxg5 23. hxg5 Bxg5 24. Qg4 Qe7 25. Rdg1 Rd8 26. Bf3 Rh6 27. Qxg5 Qxg5 28. Rxg5 Rxh1+ 29. Bxh1 Rd1+ 30. Kxb2 Rxh1 31. f6 Rh6 32. fxg7 Rf6 33. Rxe5 Rxf2 34. a4 bxa4 35. Ra5 Rf6 36. Rxa4 Kxg7 37. c4 Kf8 38. Kc3 Ke7 39. Kd4 Kd7 40. Ra1 Rd6+ 41. Ke4 Rh6 42. c5 Kc7 43. Kd5 Rh5+ 44. Kd4 Rh4+ 45. Kd5 Rh5+ 46. Ke4 1/2-1/2

[Event "Fagernes op"]
[Site "Fagernes"]
[Date "2024.03.25"]
[Round "2"]
[White "Gandrud, Vegar Koi"]
[Black "Anishka, Vikram"]
[Result "0-1"]
[WhiteElo "2293"]
[BlackElo "1995"]
[PlyCount "80"]
[EventDate "2024.03.24"]
[EventType "swiss"]
[EventRounds "9"]
[EventCountry "NOR"]
[SourceTitle "CB14_2024"]
[SourceDate "2024.04.01"]
[SourceVersion "1"]
[SourceVersionDate "2024.04.01"]
[SourceQuality "1"]

1. d4 d5 2. c4 e6 3. Nf3 Nf6 4. g3 Be7 5. Bg2 0-0 6. 0-0 c6 7. b3 b6 8. Nc3 Ba6 9. a4 dxc4 10. Ne5 cxb3 11. Bxc6 Nxc6 12. Nxc6 Qc7 13. Nxe7+ Qxe7 14. Ba3 Qc7 15. Nb5 Bxb5 16. Bxf8 Be8 17. Ba3 Bxa4 18. Bb2 Qd7 19. Qd2 Bc6 20. Qb4 Bd5 21. f3 b5 22. Ra6 Qc8 23. Qa5 Qc2 24. Rxa7 Rf8 25. Ba3 Qxe2 26. Qb4 Re8 27. Re7 Rxe7 28. Qxe7 h6 29. Rf2 Qe1+ 30. Rf1 Qe3+ 31. Rf2 Bxf3 32. Qf8+ Kh7 33. Qxf7 Qe1+ 34. Rf1 Qe2 35. Rf2 Qd1+ 36. Rf1 Qxd4+ 37. Rf2 Qa1+ 38. Rf1 Qxa3 39. Rxf3 Qc1+ 40. Kg2 b2 0-1

[Event "Fagernes op"]
[Site "Fagernes"]
[Date "2024.03.24"]
[Round "1"]
[White "Jumabayev, Rinat"]
[Black "Gandrud, Vegar Koi"]
[Result "1-0"]
[WhiteElo "2598"]
[BlackElo "2293"]
[PlyCount "67"]
[EventDate "2024.03.24"]
[EventType "swiss"]
[EventRounds "9"]
[EventCountry "NOR"]
[SourceTitle "CB14_2024"]
[SourceDate "2024.04.01"]
[SourceVersion "1"]
[SourceVersionDate "2024.04.01"]
[SourceQuality "1"]

1. d4 Nf6 2. Nf3 g6 3. c4 Bg7 4. e3 0-0 5. Be2 c5 6. d5 d6 7. Nc3 e6 8. Nd2 exd5 9. cxd5 Re8 10. e4 a6 11. a4 Nbd7 12. 0-0 h6 13. Qc2 Nh7 14. a5 g5 15. Nc4 Ne5 16. Nb6 Rb8 17. Nd1 Ng6 18. Ne3 Nf6 19. Ra4 Bd7 20. Nxd7 Qxd7 21. Nf5 Nxd5 22. Bg4 Nf6 23. Nxh6+ Bxh6 24. Bxd7 Nxd7 25. h4 Nf4 26. hxg5 Bxg5 27. Ra3 Kf8 28. Rg3 f6 29. Rg4 Ne6 30. f4 Bh6 31. e5 Bg7 32. Qh7 Re7 33. f5 Nxe5 34. Rxg7 1-0

[Event "NOR-ch Rapid"]
[Site "Bergen"]
[Date "2024.01.13"]
[Round "6"]
[White "Gandrud, Vegar Koi"]
[Black "Gullaksen, Eirik Tvedt"]
[Result "0-1"]
[WhiteElo "2295"]
[BlackElo "2321"]
[PlyCount "76"]
[EventDate "2024.01.13"]
[EventType "swiss (rapid)"]
[EventRounds "10"]
[EventCountry "NOR"]
[SourceTitle "CB03_2024"]
[SourceDate "2024.01.17"]
[SourceVersion "1"]
[SourceVersionDate "2024.01.17"]
[SourceQuality "1"]

1. d4 Nf6 2. c4 g6 3. Nc3 Bg7 4. e4 0-0 5. Nf3 d6 6. Be2 Na6 7. Be3 e5 8. d5 Ng4 9. Bg5 f6 10. Bh4 Qe8 11. Nd2 f5 12. Bxg4 fxg4 13. Bg5 Qf7 14. 0-0 Nc5 15. Qe2 a5 16. b3 Bd7 17. a3 Bf6 18. Be3 Qe7 19. b4 axb4 20. axb4 Na6 21. Rfb1 Bg5 22. Na4 Bxe3 23. Qxe3 b5 24. cxb5 Bxb5 25. Nc3 Rfb8 26. Ra5 c6 27. dxc6 Bxc6 28. b5 Nc5 29. Rxa8 Bxa8 30. Nb3 Ne6 31. b6 Qd7 32. Na5 Nd4 33. Qd2 Qc8 34. b7 Bxb7 35. Qb2 Qxc3 36. Qa2+ Kg7 37. Nxb7 Qc7 38. g3 Rxb7 0-1

[Event "NOR-ch Rapid"]
[Site "Drammen"]
[Date "2023.01.08"]
[Round "10"]
[White "Gandrud, Vegar Koi"]
[Black "Thanke, Bror"]
[Result "1-0"]
[WhiteElo "2281"]
[BlackElo "2114"]
[PlyCount "55"]
[EventDate "2023.01.07"]
[EventType "swiss (rapid)"]
[EventRounds "10"]
[EventCountry "NOR"]
[SourceTitle "CBM 212 Extra"]
[Source "ChessBase"]
[SourceDate "2023.03.31"]
[SourceVersion "1"]
[SourceVersionDate "2023.03.31"]
[SourceQuality "1"]

1. d4 Nf6 2. c4 e6 3. Nf3 Bb4+ 4. Nbd2 0-0 5. g3 d6 6. Bg2 Qe7 7. a3 Bxd2+ 8. Bxd2 e5 9. dxe5 dxe5 10. Bb4 c5 11. Bc3 Nc6 12. e3 Bg4 13. h3 Bh5 14. g4 Rad8 15. Nd2 Bg6 16. Qf3 Nd4 17. Bxd4 exd4 18. 0-0-0 dxe3 19. Qxe3 Qc7 20. g5 Rd3 21. Qe2 Re8 22. Qf1 Qe5 23. Re1 Rc3+ 24. Kd1 Bc2+ 25. Kc1 Bd3+ 26. Kd1 Qxe1+ 27. Qxe1 Rxe1+ 28. Rxe1 1-0

[Event "NOR-ch Rapid"]
[Site "Drammen"]
[Date "2023.01.07"]
[Round "1"]
[White "Austad, Eirik Strom"]
[Black "Gandrud, Vegar Koi"]
[Result "1-0"]
[WhiteElo "2065"]
[BlackElo "2281"]
[PlyCount "85"]
[EventDate "2023.01.07"]
[EventType "swiss (rapid)"]
[EventRounds "10"]
[EventCountry "NOR"]
[SourceTitle "CBM 212 Extra"]
[Source "ChessBase"]
[SourceDate "2023.03.31"]
[SourceVersion "1"]
[SourceVersionDate "2023.03.31"]
[SourceQuality "1"]

1. c4 c5 2. Nc3 Nc6 3. g3 g6 4. Bg2 Bg7 5. a3 e6 6. b4 Nxb4 7. axb4 cxb4 8. d4 bxc3 9. e3 d5 10. cxd5 exd5 11. Ne2 Ne7 12. Nxc3 0-0 13. Qb3 Be6 14. Qxb7 Qc8 15. Qxc8 Rfxc8 16. Kd2 Rd8 17. Ra6 Nc8 18. Ba3 Nb6 19. Bc5 Nc4+ 20. Ke2 Rab8 21. Rc1 Rb2+ 22. Kf1 Nd2+ 23. Ke1 Nb3 24. Nd1 Nxc1 25. Nxb2 Rb8 26. Rxa7 h5 27. Na4 Rb1 28. Nc3 Rb2 29. Bf1 Bg4 30. Ba3 Rc2 31. Rc7 Bf3 32. Nxd5 Rxc7 33. Nxc7 Nb3 34. Be2 Bb7 35. Nb5 Na5 36. Nd6 Bd5 37. Ne8 Bh8 38. Be7 Nc6 39. Nf6+ Bxf6 40. Bxf6 Kf8 41. f3 Ke8 42. e4 Be6 43. d5 1-0

[Event "NOR-chT Clubs"]
[Site "Drammen"]
[Date "2022.05.26"]
[Round "4"]
[White "Gandrud, Vegar Koi"]
[Black "Melaa, Sondre Lillestol"]
[Result "0-1"]
[WhiteElo "2298"]
[BlackElo "2157"]
[PlyCount "104"]
[EventDate "2022.05.26"]
[EventType "team-swiss"]
[EventRounds "6"]
[EventCountry "NOR"]
[SourceTitle "EXT 2024"]
[Source "ChessBase"]
[SourceDate "2023.10.10"]
[SourceVersion "1"]
[SourceVersionDate "2023.10.10"]
[SourceQuality "1"]
[WhiteTeam "Offerspill Elite"]
[BlackTeam "Oslo SS II"]
[WhiteTeamCountry "NOR"]
[BlackTeamCountry "NOR"]

1. d4 Nf6 2. c4 g6 3. Nc3 d5 4. cxd5 Nxd5 5. e4 Nxc3 6. bxc3 Bg7 7. Nf3 c5 8. Be3 Qa5 9. Nd2 0-0 10. Rc1 cxd4 11. Nc4 Qd8 12. cxd4 b5 13. Nd2 Bb7 14. Bxb5 Bxd4 15. Bxd4 Qxd4 16. 0-0 Rd8 17. Nc4 Nc6 18. Qe2 Rac8 19. Rfd1 Qc5 20. Qb2 Rxd1+ 21. Rxd1 Nb4 22. Bd7 Rd8 23. Ne5 Qc2 24. Qxc2 Nxc2 25. f3 Ne3 26. Rc1 f6 27. Rc7 fxe5 28. Rxb7 Kf7 29. Kf2 Nc4 30. Ba4 Kf6 31. Bb3 Nb2 32. Rxa7 Nd3+ 33. Ke3 Nc5 34. Bc4 Rd4 35. Be2 Ke6 36. Ra3 Kd6 37. Rc3 Ra4 38. Rc2 Ne6 39. Bc4 Nd4 40. Rc3 g5 41. g3 Ra8 42. Bd5 Rf8 43. Kf2 g4 44. f4 exf4 45. gxf4 Rxf4+ 46. Ke3 Ke5 47. a4 Rf3+ 48. Kd2 Rf2+ 49. Ke1 Rxh2 50. a5 Nf3+ 51. Kf1 Kf4 52. e5 Kxe5 0-1

[Event "Helsingor Xtracon op"]
[Site "Helsingor"]
[Date "2019.07.25"]
[Round "7"]
[White "Gandrud, Vegar Koi"]
[Black "Christensen, Lasse"]
[Result "1/2-1/2"]
[WhiteElo "2351"]
[BlackElo "2158"]
[PlyCount "130"]
[EventDate "2019.07.20"]
[EventType "swiss"]
[EventRounds "10"]
[EventCountry "DEN"]
[SourceTitle "CBM 191 Extra"]
[Source "ChessBase"]
[SourceDate "2019.09.30"]
[SourceVersion "1"]
[SourceVersionDate "2019.09.30"]
[SourceQuality "1"]

1. d4 Nf6 2. c4 e6 3. Nf3 b6 4. g3 Bb7 5. Bg2 Be7 6. 0-0 0-0 7. Re1 d5 8. cxd5 exd5 9. Nc3 c5 10. Bf4 Nbd7 11. h4 h6 12. Rc1 Ne4 13. e3 Ndf6 14. Ne5 Nxc3 15. bxc3 cxd4 16. exd4 Ba3 17. Rc2 b5 18. Qb1 Qa5 19. Nc4 dxc4 20. Bxb7 Rad8 21. Bf3 a6 22. Re3 Nd5 23. Bxd5 Rxd5 24. Re4 Rdd8 25. Qe1 b4 26. cxb4 Bxb4 27. Bd2 Bxd2 28. Qxd2 Qd5 29. Qe2 Rb8 30. Kh2 Rb1 31. f3 Rb4 32. Kg2 a5 33. Qe3 Qb7 34. Re7 Qb6 35. d5 Qxe3 36. Rxe3 Rd8 37. Rd2 Rd6 38. Re8+ Kh7 39. Rc8 Rb5 40. Rxc4 Rbxd5 41. Rxd5 Rxd5 42. Ra4 h5 43. Kf2 Kg6 44. Ke3 Kf5 45. g4+ hxg4 46. fxg4+ Kg6 47. Kf4 Rb5 48. Rc4 f6 49. a3 Kh6 50. a4 g5+ 51. hxg5+ Rxg5 52. Rc8 Re5 53. Rb8 Kg6 54. Rb5 Rxb5 55. axb5 a4 56. b6 a3 57. b7 a2 58. b8Q a1Q 59. Qe8+ Kg7 60. Qe7+ Kg6 61. Qe4+ Kg7 62. Qe7+ Kg6 63. Qe8+ Kg7 64. Qd7+ Kg6 65. Qd3+ Kg7 1/2-1/2

[Event "Helsingor Xtracon op"]
[Site "Helsingor"]
[Date "2019.07.24"]
[Round "6"]
[White "Andersen, Mads"]
[Black "Gandrud, Vegar Koi"]
[Result "1-0"]
[WhiteElo "2605"]
[BlackElo "2351"]
[PlyCount "69"]
[EventDate "2019.07.20"]
[EventType "swiss"]
[EventRounds "10"]
[EventCountry "DEN"]
[SourceTitle "CBM 191 Extra"]
[Source "ChessBase"]
[SourceDate "2019.09.30"]
[SourceVersion "1"]
[SourceVersionDate "2019.09.30"]
[SourceQuality "1"]

1. d4 Nf6 2. c4 g6 3. Nf3 Bg7 4. e3 0-0 5. Be2 c5 6. d5 d6 7. Nc3 e6 8. 0-0 exd5 9. cxd5 Re8 10. Nd2 a6 11. a4 Nbd7 12. Nc4 Ne5 13. Na3 g5 14. f4 gxf4 15. exf4 Ng6 16. Nc4 Ne4 17. Nxe4 Rxe4 18. f5 Ne5 19. Qc2 Rd4 20. Be3 Rxd5 21. f6 Bf8 22. Qe4 Be6 23. Nxe5 Rxe5 24. Qh4 c4 25. Rf3 Kh8 26. Bxc4 Bxc4 27. Qxc4 d5 28. Qg4 Rxe3 29. Rxe3 Qb6 30. Rae1 Re8 31. Qg3 Rxe3 32. Rxe3 Qxb2 33. Qg7+ Bxg7 34. Re8+ Bf8 35. Rxf8# 1-0

[Event "Helsingor Xtracon op"]
[Site "Helsingor"]
[Date "2019.07.23"]
[Round "5"]
[White "Gandrud, Vegar Koi"]
[Black "Liu, Casper Yukun"]
[Result "1-0"]
[WhiteElo "2351"]
[BlackElo "2194"]
[PlyCount "207"]
[EventDate "2019.07.20"]
[EventType "swiss"]
[EventRounds "10"]
[EventCountry "DEN"]
[SourceTitle "CBM 191 Extra"]
[Source "ChessBase"]
[SourceDate "2019.09.30"]
[SourceVersion "1"]
[SourceVersionDate "2019.09.30"]
[SourceQuality "1"]

1. d4 Nf6 2. c4 g6 3. Nc3 Bg7 4. e4 d6 5. Nf3 0-0 6. Be2 e5 7. d5 Na6 8. Be3 Ng4 9. Bg5 f6 10. Bh4 h5 11. Nd2 c5 12. dxc6 bxc6 13. h3 Nh6 14. a3 Nc5 15. Nb3 Qe7 16. Nxc5 dxc5 17. f3 Nf7 18. Bf2 Nd8 19. Qa4 Rb8 20. Rb1 Bh6 21. 0-0 a5 22. Qxa5 Ne6 23. Na4 Bd7 24. Qc3 Nd4 25. Bd1 Ra8 26. Re1 f5 27. Nb6 fxe4 28. Nxd7 Qxd7 29. Rxe4 Rfb8 30. Bc2 Qf5 31. Qd3 Rd8 32. Bxd4 cxd4 33. Re2 Qxd3 34. Bxd3 Be3+ 35. Kf1 Kg7 36. Ke1 c5 37. Kd1 Rdb8 38. Kc2 Ra6 39. Rd1 Rab6 40. Kb1 h4 41. Ka2 Rb3 42. Be4 Kf6 43. Rd3 R3b6 44. b3 Ra6 45. Re1 Rbb6 46. Rb1 Ra7 47. Kb2 Kg7 48. Ra1 Kf6 49. Re1 Rba6 50. a4 Rb6 51. Ka3 Kg5 52. Rb1 Rb4 53. Bc6 Kf4 54. Ka2 Kg3 55. Rb2 Kf4 56. Rd1 Kg3 57. Re2 Kf4 58. Kb2 Kg3 59. Kc2 Kf4 60. Ra1 Ra5 61. Ra3 g5 62. Be4 Rb6 63. Ra1 Rb4 64. Rb1 Ra6 65. Bd5 Ra5 66. Bc6 Ra6 67. Bb5 Ra7 68. Kd3 Ra8 69. Ra2 Ra5 70. Raa1 Kf5 71. Bd7+ Kf4 72. Ra2 Ra7 73. Bc6 Ra5 74. Bb5 Kf5 75. Ra3 Kf4 76. Re1 Kf5 77. Rxe3 dxe3 78. Kxe3 Kf6 79. Ke4 Ke6 80. Kd3 Ra8 81. a5 Kd6 82. Ke4 Ke6 83. a6 Ra7 84. Kd3 Kd6 85. Kc3 Kc7 86. Ra2 Kb6 87. Rd2 Rxb5 88. cxb5 Kxb5 89. Rd5 Kxa6 90. Rxe5 Kb5 91. Rxg5 Ra1 92. Rg4 Rc1+ 93. Kb2 Rf1 94. Kc2 Rg1 95. f4 Rf1 96. Kc3 Rc1+ 97. Kd2 Rf1 98. Ke2 Rb1 99. f5 Rb2+ 100. Kd1 Rxb3 101. Rf4 Rd3+ 102. Kc2 Rd7 103. Rxh4 c4 104. Rf4 1-0

[Event "Helsingor Xtracon op"]
[Site "Helsingor"]
[Date "2019.07.22"]
[Round "4"]
[White "Shehzad, Shazil Khan"]
[Black "Gandrud, Vegar Koi"]
[Result "0-1"]
[WhiteElo "2088"]
[BlackElo "2351"]
[PlyCount "68"]
[EventDate "2019.07.20"]
[EventType "swiss"]
[EventRounds "10"]
[EventCountry "DEN"]
[SourceTitle "CBM 191 Extra"]
[Source "ChessBase"]
[SourceDate "2019.09.30"]
[SourceVersion "1"]
[SourceVersionDate "2019.09.30"]
[SourceQuality "1"]

1. e4 c5 2. Nf3 d6 3. d4 cxd4 4. Nxd4 Nf6 5. Nc3 a6 6. f3 e5 7. Nb3 Be7 8. Be3 Be6 9. Qd2 Nbd7 10. g4 b5 11. g5 b4 12. gxf6 bxc3 13. Qxc3 Nxf6 14. 0-0-0 0-0 15. Na5 Rc8 16. Nc6 Qc7 17. Nxe7+ Qxe7 18. Qa5 Rc6 19. b3 Rfc8 20. c4 d5 21. exd5 Nxd5 22. Bd2 Qa7 23. Qa3 Qf2 24. Qb2 f6 25. Kb1 Qxf3 26. Re1 Qxh1 27. Bh3 Qxe1+ 28. Bxe1 Bxh3 29. Qf2 Nf4 30. Bd2 Ng6 31. Qf3 Be6 32. Bb4 Nh4 33. Qf2 Nf5 34. Qa7 e4 0-1

[Event "Helsingor Xtracon op"]
[Site "Helsingor"]
[Date "2019.07.21"]
[Round "3"]
[White "Gandrud, Vegar Koi"]
[Black "Korobov, Anton"]
[Result "0-1"]
[WhiteElo "2351"]
[BlackElo "2687"]
[PlyCount "116"]
[EventDate "2019.07.20"]
[EventType "swiss"]
[EventRounds "10"]
[EventCountry "DEN"]
[SourceTitle "CBM 191 Extra"]
[Source "ChessBase"]
[SourceDate "2019.09.30"]
[SourceVersion "1"]
[SourceVersionDate "2019.09.30"]
[SourceQuality "1"]

1. d4 d5 2. c4 e6 3. Nf3 c6 4. g3 dxc4 5. Bg2 b5 6. 0-0 Bb7 7. Ne5 Nf6 8. b3 cxb3 9. axb3 Be7 10. Nc3 a6 11. e3 0-0 12. Qc2 Nbd7 13. Bxc6 Qc8 14. Bxb7 Qxb7 15. Nxd7 Qxd7 16. Ne4 Nxe4 17. Qxe4 a5 18. Rd1 Rfd8 19. Rd2 a4 20. Rda2 f5 21. Qd3 Rdc8 22. bxa4 Rxa4 23. Rxa4 bxa4 24. Ba3 Bf6 25. Qa6 h5 26. Qd6 Qe8 27. h4 Rc6 28. Qf4 Rc3 29. Qd6 Kh7 30. Rb1 Qg6 31. Qf8 Rxe3 32. Rb8 Rxg3+ 33. fxg3 Qxg3+ 34. Kf1 Qd3+ 35. Kg2 Qe2+ 36. Kh3 Qg4+ 37. Kh2 Qxh4+ 38. Kg2 Qe4+ 39. Kh2 Qf4+ 40. Kg2 h4 41. Bd6 Qe4+ 42. Kf1 Bxd4 43. Qh8+ Kg6 44. Qe8+ Kg5 45. Be7+ Kg4 46. Qxa4 Qd3+ 47. Ke1 f4 48. Qd1+ Qxd1+ 49. Kxd1 h3 50. Ke1 Kf3 51. Kf1 g5 52. Rb3+ Be3 53. Rb2 g4 54. Rh2 Kg3 55. Rh1 e5 56. Bb4 h2 57. Bc3 e4 58. Be1+ Kh3 0-1

[Event "Pattaya op 1st"]
[Site "Pattaya"]
[Date "2019.07.16"]
[Round "9"]
[White "Chia, Yu Zhe Ashton"]
[Black "Gandrud, Vegar Koi"]
[Result "0-1"]
[WhiteElo "1730"]
[BlackElo "2351"]
[PlyCount "100"]
[EventDate "2019.07.09"]
[EventType "swiss"]
[EventRounds "9"]
[EventCountry "THA"]
[SourceTitle "EXT 2020"]
[Source "ChessBase"]
[SourceDate "2019.10.17"]
[SourceVersion "1"]
[SourceVersionDate "2019.10.17"]
[SourceQuality "1"]

1. e4 c5 2. c3 g6 3. d4 cxd4 4. cxd4 d5 5. exd5 Nf6 6. Bb5+ Nbd7 7. Nc3 Bg7 8. d6 0-0 9. dxe7 Qxe7+ 10. Nge2 a6 11. Bxd7 Bxd7 12. 0-0 b5 13. Re1 Rfe8 14. Bf4 b4 15. Na4 Nd5 16. Bd2 Qd6 17. Nc5 Bb5 18. Ng3 Bxd4 19. Nge4 Qc6 20. Bxb4 Bxb2 21. Rb1 Bg7 22. a4 Bc4 23. Qc2 Nxb4 24. Qxc4 a5 25. Qb5 Qxb5 26. axb5 Reb8 27. Nd6 Bf8 28. Nce4 Bxd6 29. Nxd6 Rb6 30. Ne8 Rc8 31. Rbd1 Kf8 32. Nd6 Rd8 33. Nc4 Rxd1 34. Rxd1 Rxb5 35. g4 Rc5 36. Nb6 Rc6 37. Nd7+ Ke7 38. Ne5 Re6 39. Nc4 a4 40. Rb1 Nd5 41. Rb7+ Kf6 42. Ra7 Nc3 43. Ne3 Rb6 44. h4 h6 45. Rc7 a3 46. Rxc3 Rb1+ 47. Kg2 a2 48. Nc2 Rc1 49. Kg3 Rxc2 50. Ra3 Rc3+ 0-1

[Event "Pattaya op 1st"]
[Site "Pattaya"]
[Date "2019.07.13"]
[Round "5"]
[White "Gandrud, Vegar Koi"]
[Black "Varshini, Veileven"]
[Result "1-0"]
[WhiteElo "2351"]
[BlackElo "2087"]
[PlyCount "71"]
[EventDate "2019.07.09"]
[EventType "swiss"]
[EventRounds "9"]
[EventCountry "THA"]
[SourceTitle "EXT 2020"]
[Source "ChessBase"]
[SourceDate "2019.10.17"]
[SourceVersion "1"]
[SourceVersionDate "2019.10.17"]
[SourceQuality "1"]

1. d4 d5 2. c4 e6 3. Nf3 Nf6 4. g3 Be7 5. Bg2 0-0 6. Nc3 dxc4 7. Ne5 c5 8. dxc5 Qxd1+ 9. Nxd1 Bxc5 10. 0-0 Nc6 11. Bxc6 bxc6 12. Be3 Bxe3 13. Nxe3 c3 14. bxc3 Nd5 15. c4 Nc3 16. Rfe1 Rd8 17. Kf1 c5 18. Rec1 Na4 19. Nc6 Rd7 20. Rab1 Bb7 21. Ne5 Rc7 22. Rb3 f6 23. Ra3 Nb6 24. Nd3 Rac8 25. f3 Ba8 26. Ra5 Kf8 27. Rc3 e5 28. Rca3 e4 29. fxe4 Bxe4 30. Rxa7 Bg6 31. Rxc7 Rxc7 32. Ra6 Nd7 33. Nf4 Rb7 34. Ne6+ Ke8 35. Nd5 Ne5 36. Ra8+ 1-0

[Event "Pattaya op 1st"]
[Site "Pattaya"]
[Date "2019.07.11"]
[Round "4"]
[White "Mohammad, Nubairshah Shaikh"]
[Black "Gandrud, Vegar Koi"]
[Result "1-0"]
[WhiteElo "2449"]
[BlackElo "2351"]
[PlyCount "43"]
[EventDate "2019.07.09"]
[EventType "swiss"]
[EventRounds "9"]
[EventCountry "THA"]
[SourceTitle "EXT 2020"]
[Source "ChessBase"]
[SourceDate "2019.10.17"]
[SourceVersion "1"]
[SourceVersionDate "2019.10.17"]
[SourceQuality "1"]

1. d4 Nf6 2. c4 g6 3. Nc3 d5 4. Nf3 Bg7 5. h4 c6 6. cxd5 Nxd5 7. e4 Nxc3 8. bxc3 0-0 9. h5 Bg4 10. hxg6 hxg6 11. Bh6 Bxh6 12. Rxh6 Kg7 13. Rh4 Bxf3 14. Qxf3 e5 15. Qg3 exd4 16. Qe5+ f6 17. Qh2 Kf7 18. Rh7+ Ke8 19. 0-0-0 c5 20. Bb5+ Nc6 21. Rxb7 Rc8 22. Qh7 1-0

[Event "Molde Rosecupen A"]
[Site "Molde"]
[Date "2019.06.16"]
[Round "6"]
[White "Unneland, Mathias"]
[Black "Gandrud, Vegar Koi"]
[Result "0-1"]
[WhiteElo "1980"]
[BlackElo "2334"]
[PlyCount "54"]
[EventDate "2019.06.15"]
[EventType "swiss"]
[EventRounds "6"]
[EventCountry "NOR"]
[SourceTitle "EXT 2024"]
[Source "ChessBase"]
[SourceDate "2023.10.10"]
[SourceVersion "1"]
[SourceVersionDate "2023.10.10"]
[SourceQuality "1"]

1. d4 Nf6 2. c4 g6 3. Nc3 d5 4. Nf3 Bg7 5. Bf4 0-0 6. e3 c5 7. dxc5 Qa5 8. Rc1 Nbd7 9. cxd5 Ne4 10. Bd3 Nxc3 11. Qd2 Qxa2 12. bxc3 Qxd5 13. e4 Qxc5 14. 0-0 Nb6 15. Rc2 Bg4 16. Be3 Qc7 17. Nd4 Nc4 18. Bxc4 Qxc4 19. Rb1 b6 20. Rb4 Qc7 21. h3 Bd7 22. Qe2 Rfd8 23. Nb3 Rac8 24. c4 Bc6 25. c5 b5 26. Nd4 Rb8 27. f3 a5 0-1

[Event "NOR-chT Club"]
[Site "Drammen"]
[Date "2019.06.02"]
[Round "6.1"]
[White "Gandrud, Vegar Koi"]
[Black "Getz, Nicolai"]
[Result "1/2-1/2"]
[WhiteElo "2325"]
[BlackElo "2380"]
[PlyCount "110"]
[EventDate "2019.05.30"]
[EventType "team-swiss"]
[EventRounds "6"]
[EventCountry "NOR"]
[SourceTitle "CBM 190 Extra"]
[Source "ChessBase"]
[SourceDate "2019.07.15"]
[SourceVersion "1"]
[SourceVersionDate "2019.07.15"]
[SourceQuality "1"]
[WhiteTeam "Schakklubben av 1911"]
[BlackTeam "OSS"]
[WhiteTeamCountry "NOR"]
[BlackTeamCountry "NOR"]

1. d4 Nf6 2. c4 g6 3. Nc3 Bg7 4. e4 d6 5. Nf3 0-0 6. Be2 e5 7. d5 a5 8. Be3 Ng4 9. Bg5 f6 10. Bh4 Qe8 11. Nd2 f5 12. Bxg4 fxg4 13. Bg5 Na6 14. 0-0 Bd7 15. b3 Bf6 16. Be3 Qe7 17. a3 Bg5 18. Qe2 Rfb8 19. Rfb1 Bxe3 20. Qxe3 b5 21. b4 axb4 22. axb4 bxc4 23. b5 Nc5 24. Rxa8 Rxa8 25. Nxc4 Be8 26. g3 Rb8 27. Na5 Qf6 28. Kg2 g5 29. Nc4 Bg6 30. b6 cxb6 31. Rxb6 Rxb6 32. Nxb6 Kg7 33. Nc4 h6 34. f3 gxf3+ 35. Qxf3 Qe7 36. g4 Nb3 37. Nb5 Nd4 38. Nxd4 exd4 39. Nd2 Qc7 40. Kf2 Qc3 41. Ke2 Be8 42. Qxc3 dxc3 43. Nb3 Kf6 44. Nd4 Ke5 45. Ke3 Ba4 46. Nc6+ Kf6 47. Kd3 Bd1 48. Kxc3 Bxg4 49. Kd4 Bc8 50. e5+ dxe5+ 51. Nxe5 h5 52. d6 Ke6 53. d7 Bxd7 54. Nxd7 Kxd7 55. Ke5 Ke7 1/2-1/2

[Event "NOR-chT 1819"]
[Site "Norway"]
[Date "2018.11.03"]
[Round "2.2"]
[White "Gandrud, Vegar Koi"]
[Black "Andersen, Alf Roger"]
[Result "1/2-1/2"]
[WhiteElo "2320"]
[BlackElo "2256"]
[PlyCount "142"]
[EventDate "2018.11.02"]
[EventType "team-tourn"]
[EventRounds "9"]
[EventCountry "NOR"]
[SourceTitle "CBM 188 Extra"]
[Source "ChessBase"]
[SourceDate "2019.02.26"]
[SourceVersion "1"]
[SourceVersionDate "2019.02.26"]
[SourceQuality "1"]
[WhiteTeam "Oslo SK 1911"]
[BlackTeam "Akademisk"]
[WhiteTeamCountry "NOR"]
[BlackTeamCountry "NOR"]

1. d4 e6 2. c4 f5 3. g3 d5 4. Bg2 Nf6 5. Nh3 Bd6 6. 0-0 0-0 7. Bf4 c6 8. Qc2 Na6 9. a3 Nc7 10. Nd2 Ne4 11. Bxd6 Nxd6 12. Nf4 Nce8 13. c5 Nf7 14. Nf3 Nf6 15. Nd3 Qe7 16. Nfe5 Nxe5 17. Nxe5 Ng4 18. Nxg4 fxg4 19. e4 Bd7 20. Rae1 Qf6 21. e5 Qg5 22. Qc1 Qxc1 23. Rxc1 Be8 24. Rc3 Bg6 25. f3 gxf3 26. Rcxf3 Rxf3 27. Rxf3 Rf8 28. Rxf8+ Kxf8 29. Kf2 Bf5 30. h4 h6 31. Bf3 Ke7 32. Ke3 g5 33. hxg5 hxg5 34. Bh5 Kf8 35. Kd2 Ke7 36. Kc3 Kd7 37. b4 Bh3 38. Be2 a6 39. a4 Bf5 40. Bh5 Bh3 41. Kd2 Bf5 42. Be2 Ke7 43. Bf1 Bg4 44. Bd3 Kd7 45. Bc2 Ke7 46. Ke3 Kd7 47. Bd3 Bd1 48. a5 Bg4 49. Bf1 Ke7 50. Kf2 Kd7 51. Kg1 Ke7 52. Kh2 Kd7 53. Bh3 Bf3 54. Kg1 Ke7 55. Kf2 Bd1 56. Bf1 Bg4 57. Bg2 Kf7 58. Ke3 Ke7 59. Bf1 Kd7 60. Bd3 Ke7 61. Kd2 Kd7 62. Bf1 Ke7 63. Ke1 Kd7 64. Kf2 Ke7 65. Bg2 Kf7 66. Ke3 Ke7 67. Bf1 Kd7 68. Be2 Bxe2 69. Kxe2 Ke7 70. Kf3 Kf7 71. g4 Ke7 1/2-1/2

[Event "Gibraltar Masters 16th"]
[Site "Caleta"]
[Date "2018.01.27"]
[Round "5"]
[White "Moroni, Luca Jr"]
[Black "Gandrud, Vegar Koi"]
[Result "1-0"]
[WhiteElo "2547"]
[BlackElo "2346"]
[PlyCount "103"]
[EventDate "2018.01.23"]
[EventType "swiss"]
[EventRounds "10"]
[EventCountry "GGB"]
[SourceTitle "CBM 183"]
[Source "ChessBase"]
[SourceDate "2018.03.14"]
[SourceVersion "1"]
[SourceVersionDate "2018.03.14"]
[SourceQuality "1"]

1. c4 c5 2. Nf3 Nc6 3. d4 cxd4 4. Nxd4 Nf6 5. Nc3 e6 6. a3 Be7 7. g3 Qb6 8. Ndb5 d5 9. Be3 Qd8 10. cxd5 exd5 11. Nxd5 Nxd5 12. Qxd5 0-0 13. Bg2 Bf6 14. Nc3 Be6 15. Qxd8 Rfxd8 16. 0-0 Bc4 17. Rfe1 Nd4 18. Rac1 Rd7 19. Kf1 Bb3 20. Be4 Rad8 21. Bb1 b6 22. g4 Be6 23. f3 Nb3 24. Rc2 Na1 25. Rcc1 Nb3 26. Rcd1 Nd2+ 27. Kg2 Nc4 28. Bc1 Nxa3 29. Rxd7 Rxd7 30. Bd3 Nc4 31. f4 Na5 32. g5 Be7 33. f5 Bb3 34. Bb5 Rd8 35. e4 f6 36. Nd5 Bxd5 37. exd5 Kf8 38. gxf6 Bxf6 39. Bd2 Nb3 40. Be3 Nd4 41. Bc6 Nxc6 42. dxc6 Rc8 43. Rc1 Bxb2 44. Rc2 Be5 45. Kf3 Kf7 46. Ke4 Re8 47. Bf4 Bxf4+ 48. Kxf4 b5 49. c7 Rc8 50. Ke5 Ke7 51. Rg2 Rg8 52. Rxg7+ 1-0